书目信息 |
| 题名: |
城市湿地动态与健康评价
|
|
| 作者: | 崔心红 著 | |
| 分册: | ||
| 出版信息: | 武汉 武汉大学出版社 2015.02 |
|
| 页数: | 120页 | |
| 开本: | 24cm | |
| 丛书名: | ||
| 单 册: | ||
| 中图分类: | P941.78 | |
| 科图分类: | ||
| 主题词: | 城市--沼泽化地--研究--中国 | |
| 电子资源: | ||
| ISBN: | 978-7-307-15259-5 | |
| 000 | 01066nam0 2200253 450 | |
| 001 | 4330 | |
| 005 | 20181011101451.10 | |
| 010 | @a978-7-307-15259-5@dCNY50.00 | |
| 100 | @a20150601d2015 em y0chiy50 ea | |
| 101 | 0 | @achi@eeng |
| 102 | @aCN@b420000 | |
| 105 | @aab z 000yy | |
| 200 | 1 | @a城市湿地动态与健康评价@9cheng shi shi di dong tai yu jian kang ping jia@dUrban wetland dynamic and assessment of health@zeng@f崔心红[等]著 |
| 210 | @a武汉@c武汉大学出版社@d2015.02 | |
| 215 | @a120页@c图,地图@d24cm | |
| 300 | @a国家林业公益性行业科研专项项目 | |
| 304 | @a著者还有:宋晴、朱义、郑思俊、张群、王斌 | |
| 330 | @a本书介绍了上海城市湿地在两个不同时间尺度下的动态监测结果,综合分析了人为干扰对城市湿地的影响,研究确定了影响城市湿地退化的主要因子。基于现有国内外研究成果,首次建立了城市湿地生态系统健康评价指标体系。 | |
| 510 | 1 | @aUrban wetland dynamic and assessment of health@zeng |
| 606 | 0 | @a城市@x沼泽化地@x研究@y中国 |
| 690 | @aP941.78@v5 | |
| 701 | 0 | @a崔心红@9cui xin hong@4著 |
| 801 | 0 | @aCN@b91MARC@c20150601 |
| 905 | @aMuseLib@dP941.78@e173 | |
| 城市湿地动态与健康评价=Urban wetland dynamic and assessment of health/崔心红[等]著.-武汉:武汉大学出版社,2015.02 |
| 120页:图,地图;24cm |
| 国家林业公益性行业科研专项项目 |
| ISBN 978-7-307-15259-5:CNY50.00 |
| 本书介绍了上海城市湿地在两个不同时间尺度下的动态监测结果,综合分析了人为干扰对城市湿地的影响,研究确定了影响城市湿地退化的主要因子。基于现有国内外研究成果,首次建立了城市湿地生态系统健康评价指标体系。 |
| ● |
| 相关链接 |
|
|
|
|
正题名:城市湿地动态与健康评价
索取号:P941.78/173
 
预约/预借
| 序号 | 登录号 | 条形码 | 馆藏地/架位号 | 状态 | 备注 |
| 1 | 1124641 | 211246418 | 第二样本阅览室/ [索取号:P941.78/173] | 在馆 | |
| 2 | 1124642 | 211246427 | 第三借阅区/ [索取号:P941.78/173] | 在馆 | |
| 3 | 1124643 | 211246436 | 第三借阅区/ [索取号:P941.78/173] | 在馆 | |
| 4 | 1124644 | 211246445 | 第三借阅区/ [索取号:P941.78/173] | 在馆 | |
| 5 | 1124645 | 211246454 | 第三借阅区/ [索取号:P941.78/173] | 在馆 |